000 00586cam a22002053a 4500
001 46015
003 PGUSA
005 20140828084057.0
008 140617s2014||||xxu|||||s|||||000 | eng d
040 _aPGUSA
_beng
042 _adc
100 1 _aHall, George
245 1 4 _aThe Gypsy's Parson :
_bhis experiences and adventures
_h[electronic resource] /
_cGeorge Hall
260 _bProject Gutenberg,
_c2014
506 _aPublic domain in the USA.
516 _aElectronic text
830 0 _aProject Gutenberg
_v46015
856 4 0 _uhttp://www.gutenberg.org/ebooks/46015
942 _cEB
999 _c275264
_d275264